World encyclopedia of police forces and correctional systems

Detalles Bibliográficos
Autor principal: Kurian, George Thomas
Formato: Desconocido
Lenguaje:inglés
Publicado: Farmington Hills : Thomson Gale, 2006
Edición:2nd. ed.
Materias:
Acceso en línea:Acceso restringido

MARC

LEADER 00000ny a22000003n 4500
005 2011061605535.0
008 061114s1988 us a be 001 0 eng
020 |a 9780816010196 
035 |a 2712 
040 |a DLC  |d vLex 
080 |a 355 
090 |c 770  |d 770 
100 1 |a Kurian, George Thomas 
245 1 0 |a World encyclopedia of police forces and correctional systems  |h [Recurso electrn̤ico]  |c George Thomas Kurian 
250 |a 2nd. ed. 
256 |a Servicio en ln̕ea 
260 |a Farmington Hills :  |b Thomson Gale,  |c 2006 
300 |a 2 v. :  |b il. ;  |c 29 cm 
500 |a Esta edicin̤ totalmente revisada y actualizada sobre la original de 1989, describe las Fuerzas y cuerpos de seguridad del Estado y los sistemas penitenciarios de mas de 195 paises. Bajo la direccin̤ editorial de distintas autoridades y especialistas en la materia, y ocho universidades, la Enciclopedia proporciona tanto informacin̤ analt̕ica como estads̕tica de cada pais, sobre temas tales como la historia, organizacin̤, estructura administrativa, cadenas de mando, operatividad, tecnologa̕, armamento, cd̤igos, ťicos, etc. 
500 |a Incluye n̕dices y apňdices 
504 |a p. 1165-1176 
506 1 |a Contenido solo disponible en los productos indicados  |d vLex Global  |d vLex Global (Academic Edition, excluding Law Schools)  |d vLex Global (Academic Edition, Law Schools) 
650 0 4 |a Derecho penal 
650 0 4 |a Derecho penitenciario 
650 0 4 |a Derecho  |x Diccionarios y enciclopedias en ln̕ea 
650 0 4 |a Servicios correccionales 
650 0 4 |a Security 
740 0 |a vLex Libros (Servicios en ln̕ea) 
856 4 0 |u http://vlex.com/source/2712  |z Acceso restringido 
942 |c BOOK 
999 0 |a Criminal Law  |b Estados Unidos 
999 0 |a Corrections  |b Estados Unidos 
999 0 |a Criminal law  |b Estados Unidos  
999 0 |a Police  |b Estados Unidos